00511 2200193 4500001002100000005001500021035002000036245004600056100001900102250000600121300003900127260004800166082000800214084001400222020002200236650002500258990001700283990001700300INLIS00000000000085920190314120444 a0010-03190000721 aKamus Inggris-Indonesia /cJohn M. Echols0 aJohn M. Echols a- axxx, 824 hlm. :bilus. ;c24,2 cm. aJakarta :bPT Gramedia Pustaka Utama,c2014 a423 a423 JOH k a978-602-03-0564-6 aKamus Bahasa Inggris a03071/H/2018 a03072/H/2018